|
|
|
|
| LEADER |
00000nab a2200000 a 4500 |
| 001 |
vtls010611028 |
| 003 |
SK-MaSNL |
| 005 |
20260319071102.0 |
| 008 |
140722|2014 xo w| 000 0|hun |
| 015 |
|
|
|a SNBRB2014/07
|
| 038 |
|
|
|a DSZK
|
| 040 |
|
|
|a DSZK
|b slo
|c DSZK
|e AACR2
|
| 041 |
|
|
|a hun
|a slo
|
| 044 |
|
|
|a xo
|c SK
|
| 080 |
|
|
|a 373.24
|x (=511.141)
|x (437.612)
|2 2001
|
| 080 |
|
|
|a 373.3
|x (=511.141)
|x (437.612)
|2 2001
|
| 080 |
|
|
|a 371.233
|2 2001
|
| 100 |
1 |
|
|a Lőrincz, Tamás
|4 aut
|9 1086843
|
| 245 |
1 |
0 |
|a Bősön kirándultak a gyerekek
|c Lőrincz Tamás
|
| 300 |
|
|
|b Fotogr.
|
| 610 |
2 |
7 |
|a Základná škola s vyučovacím jazykom maďarským (Mad, Slovensko)
|2 dszk
|9 1093453
|
| 610 |
2 |
7 |
|a Materská škola s výchovným jazykom maďarským (Mad, Slovensko)
|2 dszk
|9 1093454
|
| 648 |
|
7 |
|a 2014
|2 dszk
|9 334827
|
| 650 |
0 |
7 |
|a exkurzie
|2 SNKPH
|9 30680
|
| 651 |
|
7 |
|a Mád (Maďarsko)
|2 SNKPHgeo
|9 114062
|
| 651 |
|
7 |
|a Gabčíkovo (Slovensko : vodné dielo)
|2 snkbucl
|9 131675
|
| 773 |
0 |
|
|t Csallóköz=Žitný ostrov
|g Évf. 54, sz. 26 (2014), o. 2
|x 1336-3638
|
| 852 |
|
|
|a DSZK
|b KIS3GCP
|
| 856 |
|
|
|a http://www.csallokoz.sk
|
| 958 |
|
|
|a SK
|
| 958 |
|
|
|a HU
|
| 999 |
|
|
|c 1796821
|d 1798751
|